[Event "ODEM U25B 2011"]
[Site "Oberhof GER"]
[Date "2011.06.15"]
[Round "6"]
[White "Werner, Justus"]
[Black "Martin, Raphael"]
[Result "0-1"]
[Termination "normal"]
[Board "1"]
[WhiteElo "1344"]
[BlackElo "1431"]
[PlyCount "98"]
[WhiteFideId "12941107"]
[BlackFideId "12952036"]
[EventCountry "GER"]
[EventRounds "9"]
[EventType "swiss"]
[EventDate "2011.06.11"]

1. Nc3 d5 2. e4 dxe4 3. Nxe4 e5 4. Bc4 Nf6 5. Ng5 Nd5 6. Nxf7 Kxf7 7. Qf3+ Ke6
8. Bxd5+ Qxd5 9. Qg4+ Kd6 10. Qxc8 Qxg2 11. Qd8+ Ke6 12. Qe8+ Kd6 13. Qd8+ Kc6
14. Qe8+ Kb6 15. Qe6+ Nc6 16. Qb3+ Nb4 17. a3 Qxh1 18. Kf1 Qe4 19. axb4 Qxb4
20. Qe3+ Qc5 21. Qb3+ Qb5+ 22. Qxb5+ Kxb5 23. d3 Bc5 24. Bd2 b6 25. Bc3 Rhf8
26. Nh3 Rfe8 27. Re1 Bd4 28. Bd2 Kc6 29. b3 a5 30. Ng5 Rf8 31. Ne4 b5 32. c3
Bb6 33. c4 bxc4 34. dxc4 Bd4 35. Be3 Rf3 36. Nd2 Rh3 37. Kg2 Rh5 38. f3 Bxe3
39. Rxe3 a4 40. bxa4 Rxa4 41. Re2 Ra2 42. Kf1 Rf5 43. Kg2 Rf4 44. Kf2 Rd4 45.
Ke3 g5 46. Rf2 Rb2 47. Re2 Kc5 48. Ne4+ Rxe4+ 49. fxe4 Rxe2+ 0-1

[Event "ODEM U25B 2011"]
[Site "Oberhof GER"]
[Date "2011.06.15"]
[Round "6"]
[White "Herrmann, Heribert"]
[Black "Oltmanns, Bianca"]
[Result "1-0"]
[Termination "normal"]
[Board "3"]
[WhiteElo "1274"]
[BlackElo "1645"]
[PlyCount "47"]
[WhiteFideId "12971715"]
[BlackFideId "24698008"]
[EventCountry "GER"]
[EventRounds "9"]
[EventType "swiss"]
[EventDate "2011.06.11"]

1. Nf3 f5 2. c4 Nf6 3. Nc3 e6 4. b3 Be7 5. Bb2 O-O 6. d4 d6 7. g3 Nc6 8. Bg2
Qe8 9. O-O Bd8 10. Re1 e5 11. e3 Qh5 12. a3 Ng4 13. h3 Nf6 14. Nh2 Qxd1 15.
Raxd1 exd4 16. exd4 Na5 17. Nd5 Kf7 18. Re3 Nc6 19. Rde1 Re8 20. Rxe8 Nxe8 21.
Nf4 Bf6 22. Bd5+ Kf8 23. Nf3 h6 24. Ng6# 1-0

[Event "ODEM U25B 2011"]
[Site "Oberhof GER"]
[Date "2011.06.15"]
[Round "6"]
[White "Goujov, Alexander"]
[Black "Nobis, Philipp"]
[Result "0-1"]
[Termination "normal"]
[Board "4"]
[WhiteElo "1309"]
[BlackElo "1396"]
[PlyCount "152"]
[BlackFideId "24602183"]
[EventCountry "GER"]
[EventRounds "9"]
[EventType "swiss"]
[EventDate "2011.06.11"]

1. d4 d5 2. Nf3 Nf6 3. Bg5 e6 4. c4 c6 5. Nc3 h6 6. Bh4 Be7 7. e3 Nbd7 8. Qc2
O-O 9. Rd1 Re8 10. a3 Qc7 11. Bd3 dxc4 12. Bxc4 b5 13. Bd3 a6 14. b4 Qb6 15.
O-O a5 16. Qb2 axb4 17. axb4 Bb7 18. Ra1 Qc7 19. Rfc1 Qd6 20. Rxa8 Rxa8 21. Rb1
Bf8 22. e4 Qb8 23. Ne1 Ra7 24. Nc2 Ra6 25. e5 Ne8 26. Nxb5 Rb6 27. Nc3 Ba8 28.
Qa3 Nc7 29. Qa4 Qb7 30. g4 Nb5 31. Ne4 c5 32. bxc5 Nc3 33. Rxb6 Nxb6 34. c6
Nbxa4 35. cxb7 Bxb7 36. Nxc3 Nxc3 37. Ne3 Bf3 38. h3 Be2 39. Bc2 Nb5 40. d5
exd5 41. Nxd5 Nd4 42. Be4 Bf3 43. Bxf3 Nxf3+ 44. Kg2 Nxh4+ 45. Kg3 g5 46. f4
Ng6 47. fxg5 hxg5 48. Nf6+ Kg7 49. Nd7 Bb4 50. Kf3 Be1 51. Ke4 Nf4 52. Kf5 Bh4
53. Nf6 Nxh3 54. e6 fxe6+ 55. Kxe6 Nf2 56. Kf5 Kf7 57. Nd5 Ke8 58. Nc3 Kd7 59.
Ne2 Nh3 60. Nd4 Ng1 61. Ne6 Nf3 62. Nf8+ Kd6 63. Ne6 Kd5 64. Nf8 Kd4 65. Nh7
Ke3 66. Nf6 Nd4+ 67. Kg6 Kf4 68. Kh5 Nf3 69. Ng8 Ne5 70. Nf6 Nd3 71. Nh7 Nf2
72. Nf6 Ne4 73. Ng8 Ng3+ 74. Kg6 Kxg4 75. Nh6+ Kf4 76. Kf7 Nf5 0-1

[Event "ODEM U25B 2011"]
[Site "Oberhof GER"]
[Date "2011.06.15"]
[Round "6"]
[White "Fischer, Felix"]
[Black "Kololli, Martin"]
[Result "0-1"]
[Termination "normal"]
[Board "5"]
[WhiteElo "1373"]
[BlackElo "1553"]
[PlyCount "64"]
[BlackFideId "12936910"]
[EventCountry "GER"]
[EventRounds "9"]
[EventType "swiss"]
[EventDate "2011.06.11"]

1. e4 e5 2. Nf3 Nc6 3. Bc4 Nf6 4. Ng5 d5 5. exd5 Na5 6. Bb5+ Bd7 7. Nc3 Bxb5 8.
Nxb5 a6 9. Nc3 Nxd5 10. Qf3 Nf6 11. O-O Be7 12. d3 Nc6 13. Be3 h6 14. Nge4 Qd7
15. Nxf6+ Bxf6 16. Nd5 Be7 17. c4 O-O 18. Qg3 Kh7 19. Rad1 Rac8 20. d4 e4 21.
f3 exf3 22. Rxf3 Kh8 23. Rdf1 Bd6 24. Qh4 Be7 25. Qh5 Qe6 26. Nf6 Bxf6 27. Bxh6
Bxd4+ 28. Kh1 Qxh6 29. Qg4 Ne5 30. Qxc8 Rxc8 31. Rh3 Qxh3 32. gxh3 Bxb2 0-1

[Event "ODEM U25B 2011"]
[Site "Oberhof GER"]
[Date "2011.06.15"]
[Round "6"]
[White "Wolfer, Joshua"]
[Black "Oberhofer, Cédric"]
[Result "1/2-1/2"]
[Termination "normal"]
[Board "6"]
[WhiteElo "1550"]
[BlackElo "1409"]
[PlyCount "120"]
[WhiteFideId "12945668"]
[BlackFideId "12941220"]
[EventCountry "GER"]
[EventRounds "9"]
[EventType "swiss"]
[EventDate "2011.06.11"]

1. e4 c5 2. Nf3 d6 3. d4 cxd4 4. Nxd4 Nf6 5. Nc3 a6 6. Bc4 e6 7. f3 b5 8. Bb3
Nbd7 9. Be3 Nc5 10. Qd2 Bb7 11. Nde2 Nxb3 12. axb3 Be7 13. Ng3 O-O 14. Rd1 Qc7
15. Qf2 Rac8 16. Bb6 Qc6 17. O-O Nd7 18. Bd4 b4 19. Na2 Qxc2 20. Qxc2 Rxc2 21.
Nxb4 Rc7 22. Ra1 Ra8 23. Bc3 d5 24. exd5 Bxb4 25. Bxb4 Bxd5 26. Ra3 Rb7 27. Bc3
Rxb3 28. Ra4 g6 29. Rfa1 Nc5 30. Rg4 Nd3 31. Nh5 Nxb2 32. Nf6+ Kf8 33. Nxh7+
Ke7 34. Bf6+ Kd7 35. Ng5 Ke8 36. Rh4 Nd3 37. Rh8+ Kd7 38. Rxa8 Bxa8 39. Nxf7
Ke8 40. Ne5 Nxe5 41. Bxe5 Rb6 42. Kf2 Bd5 43. Kg3 Kf7 44. Ra4 Rc6 45. Rf4+ Kg8
46. Rf6 Kg7 47. Rxe6+ Kf7 48. Rxc6 Bxc6 49. f4 Ke6 50. Kh3 a5 51. g4 g5 52. Bc7
gxf4 53. Bxf4 a4 54. Bc1 Kf6 55. Kg3 Kg6 56. h4 Bd5 57. h5+ Kh7 58. g5 Bf7 59.
Kg4 Be8 60. h6 Bg6 1/2-1/2

[Event "ODEM U25B 2011"]
[Site "Oberhof GER"]
[Date "2011.06.15"]
[Round "6"]
[White "Buchallik, Jakob"]
[Black "Hoppe, Andreas"]
[Result "0-1"]
[Termination "normal"]
[Board "7"]
[WhiteElo "1451"]
[BlackElo "1307"]
[PlyCount "86"]
[WhiteFideId "12945749"]
[BlackFideId "12922811"]
[EventCountry "GER"]
[EventRounds "9"]
[EventType "swiss"]
[EventDate "2011.06.11"]

1. e4 d5 2. exd5 Qxd5 3. Nc3 Qa5 4. Nf3 Bg4 5. Be2 Nf6 6. O-O e6 7. d4 Nc6 8.
Be3 O-O-O 9. Ng5 Bxe2 10. Nxe2 Rd7 11. c3 e5 12. Qb3 Qd5 13. Qxd5 Nxd5 14. Nf3
exd4 15. Bxd4 Nxd4 16. Nexd4 g6 17. Ne5 Re7 18. f4 f5 19. g3 Bg7 20. Rfe1 Rhe8
21. Nef3 Rxe1+ 22. Rxe1 Rxe1+ 23. Nxe1 Bxd4+ 24. cxd4 Kd7 25. Kf2 Kc6 26. Ke2
Kb5 27. Kd2 Nb4 28. a3 Nd5 29. Kd3 Nf6 30. Nc2 Ng4 31. h4 Nf2+ 32. Ke2 Ne4 33.
Kf3 Kc4 34. g4 Kd3 35. gxf5 Nd2+ 36. Kg2 gxf5 37. Ne1+ Kxd4 38. Kg3 Ne4+ 39.
Kf3 h5 40. Nc2+ Kd3 41. Ne3 Nd2+ 42. Kf2 Ke4 43. Ng2 Nc4 0-1

[Event "ODEM U25B 2011"]
[Site "Oberhof GER"]
[Date "2011.06.15"]
[Round "6"]
[White "von Reppert, Marc"]
[Black "Schumann, Rabea"]
[Result "1-0"]
[Termination "normal"]
[Board "8"]
[WhiteElo "1438"]
[BlackElo "1388"]
[PlyCount "131"]
[WhiteFideId "12918130"]
[BlackFideId "12918199"]
[EventCountry "GER"]
[EventRounds "9"]
[EventType "swiss"]
[EventDate "2011.06.11"]

1. d4 Nf6 2. c4 g6 3. Nc3 Bg7 4. e4 d6 5. Nf3 O-O 6. Be2 e5 7. dxe5 dxe5 8.
Qxd8 Rxd8 9. Bg5 h6 10. Bxf6 Bxf6 11. Nd5 Nd7 12. Nxc7 Rb8 13. Nd5 b6 14. Nxf6+
Nxf6 15. Nxe5 Bb7 16. f3 Re8 17. Nd3 Rbc8 18. Nf4 Kg7 19. Bd3 Rcd8 20. Ke2 g5
21. Nh3 Re7 22. Rad1 Red7 23. Bc2 Bc6 24. Rxd7 Rxd7 25. Nf2 Rd4 26. b3 Nd7 27.
Rd1 Rxd1 28. Nxd1 f6 29. Ne3 a5 30. Nf5+ Kh7 31. Nd4 Bb7 32. e5+ Kg7 33. Ne6+
Kg8 34. Nd8 Bc8 35. e6 Nc5 36. e7 Bd7 37. Bg6 Kg7 38. e8=Q Bxe8 39. Bxe8 Kf8
40. Bb5 Ke7 41. Nc6+ Kd6 42. Nd4 Ke5 43. Ke3 h5 44. g3 f5 45. f4+ gxf4+ 46.
gxf4+ Kf6 47. Be8 h4 48. Nf3 h3 49. Ng5 Ke7 50. Bc6 Kd6 51. Bd5 Ke7 52. Nxh3
Kf6 53. Ng5 Kg6 54. Bf7+ Kf6 55. h4 Nd7 56. Kd4 Ke7 57. h5 Kf6 58. h6 Nc5 59.
Ne6 Kxf7 60. Nxc5 bxc5+ 61. Kxc5 Kg6 62. Kd5 Kxh6 63. c5 Kg6 64. c6 Kf7 65. c7
Ke7 66. c8=Q 1-0

[Event "ODEM U25B 2011"]
[Site "Oberhof GER"]
[Date "2011.06.15"]
[Round "6"]
[White "Edel, Fenja"]
[Black "Siegl, Adrian"]
[Result "0-1"]
[Termination "normal"]
[Board "9"]
[WhiteElo "1537"]
[BlackElo "1412"]
[PlyCount "66"]
[WhiteFideId "24696749"]
[BlackFideId "12930156"]
[EventCountry "GER"]
[EventRounds "9"]
[EventType "swiss"]
[EventDate "2011.06.11"]

1. e4 c5 2. Nc3 Nc6 3. f4 e6 4. Bb5 d6 5. d3 a6 6. Bxc6+ bxc6 7. Nf3 Bb7 8. O-O
d5 9. e5 f6 10. exf6 Nxf6 11. Re1 Qd7 12. f5 Be7 13. fxe6 Qc7 14. d4 O-O 15.
Ne5 Bd6 16. h3 cxd4 17. Qxd4 c5 18. Qf4 Ne4 19. Qh4 Bxe5 20. Nxe4 dxe4 21. Rd1
Rae8 22. Bg5 Rxe6 23. Bd8 Bh2+ 24. Kh1 Bg3 25. Qg5 Qe5 26. Qxe5 Bxe5 27. Ba5 e3
28. Re1 Bg3 29. Re2 Rf2 30. Rae1 Ref6 31. Kg1 Rxe2 32. Rxe2 Bf2+ 33. Kh1 Rg6
0-1

[Event "ODEM U25B 2011"]
[Site "Oberhof GER"]
[Date "2011.06.15"]
[Round "6"]
[White "Sommer, Konstantin"]
[Black "Cejda, Moritz"]
[Result "1-0"]
[Termination "normal"]
[Board "11"]
[WhiteElo "1502"]
[BlackElo "1179"]
[PlyCount "83"]
[WhiteFideId "12926213"]
[BlackFideId "12925152"]
[EventCountry "GER"]
[EventRounds "9"]
[EventType "swiss"]
[EventDate "2011.06.11"]

1. d4 f5 2. g3 e6 3. Bg2 Nf6 4. c4 Be7 5. Nc3 c6 6. Nf3 O-O 7. O-O d5 8. b3 b6
9. Ne5 Bb7 10. Na4 Nbd7 11. Nf3 Ne4 12. Qc2 b5 13. Nb2 a6 14. Nd3 c5 15. cxb5
axb5 16. dxc5 Nexc5 17. Bb2 Nxd3 18. Qxd3 Bc6 19. Nd4 Ne5 20. Qe3 Qd6 21. f4
Ng4 22. Qxe6+ Qxe6 23. Nxe6 Bf6 24. Bxf6 Rxf6 25. Nc7 Rd8 26. Rfc1 Ne3 27. Bf3
Rc8 28. Nxd5 Nxd5 29. Bxd5+ Kf8 30. Bxc6 Rcxc6 31. Rxc6 Rxc6 32. a4 Ra6 33. a5
Ke7 34. b4 Ke6 35. Rc1 Kd5 36. Rc5+ Ke4 37. Rxb5 Ke3 38. Rb6 Ra7 39. a6 Kxe2
40. b5 Re7 41. Rb7 Re8 42. Kg2 1-0

[Event "ODEM U25B 2011"]
[Site "Oberhof GER"]
[Date "2011.06.15"]
[Round "6"]
[White "Schlichter, Lisa"]
[Black "Alt, Elisabeth"]
[Result "0-1"]
[Termination "normal"]
[Board "12"]
[WhiteElo "1069"]
[BlackElo "1402"]
[PlyCount "60"]
[WhiteFideId "12926396"]
[BlackFideId "24692620"]
[EventCountry "GER"]
[EventRounds "9"]
[EventType "swiss"]
[EventDate "2011.06.11"]

1. e4 d5 2. exd5 Nf6 3. d4 Nxd5 4. Nf3 g6 5. Be2 Bg7 6. O-O O-O 7. c4 Nb6 8.
Nc3 Nc6 9. Be3 Bg4 10. d5 Na5 11. Bxb6 axb6 12. Qd3 c6 13. b4 cxd5 14. bxa5
dxc4 15. Qxc4 Be6 16. Qb4 bxa5 17. Qa3 Rc8 18. Rac1 Bxc3 19. Rxc3 Rxc3 20. Qxc3
Bxa2 21. Ra1 Qd5 22. Qb2 Bb3 23. Nd2 a4 24. Nxb3 axb3 25. Bf3 Qc4 26. Bxb7 Rd8
27. h3 Qc2 28. Qxc2 bxc2 29. Rc1 Rd1+ 30. Rxd1 cxd1=Q+ 0-1

[Event "ODEM U25B 2011"]
[Site "Oberhof GER"]
[Date "2011.06.15"]
[Round "6"]
[White "Mann, Jonas"]
[Black "Morio, Estelle"]
[Result "1-0"]
[Termination "normal"]
[Board "13"]
[WhiteElo "1381"]
[BlackElo "1012"]
[PlyCount "143"]
[WhiteFideId "12900214"]
[BlackFideId "12951951"]
[EventCountry "GER"]
[EventRounds "9"]
[EventType "swiss"]
[EventDate "2011.06.11"]

1. Nc3 e5 2. Nf3 Nc6 3. d4 Bd6 4. d5 Nce7 5. e4 Nf6 6. Bg5 Nfg8 7. Qd2 h6 8.
Be3 c6 9. dxc6 dxc6 10. O-O-O Bc7 11. Qxd8+ Bxd8 12. Nxe5 Nf6 13. Bc4 Be6 14.
f3 Bc7 15. Bxe6 fxe6 16. Nc4 O-O 17. Nd6 b5 18. Bc5 Ng6 19. g3 Rfd8 20. f4 Nf8
21. e5 Nd5 22. Nxd5 exd5 23. Nf5 Ne6 24. Bd6 Bb6 25. Ne7+ Kh7 26. Nxc6 Re8 27.
Rxd5 a6 28. Rhd1 Nc7 29. Bxc7 Bxc7 30. Rd7 Bb6 31. c3 a5 32. Rb7 Ra6 33. Kc2
Bc5 34. Nd4 b4 35. Nf5 Rg8 36. Rdd7 Bf8 37. Ra7 Rxa7 38. Rxa7 bxc3 39. bxc3 Bc5
40. Rxa5 Bg1 41. h3 Bf2 42. Rd5 Rf8 43. e6 Re8 44. e7 Bb6 45. Re5 Bc7 46. Re6
Kg8 47. Rg6 Kf7 48. Rxg7+ Kf6 49. g4 Bxf4 50. Kd3 Be5 51. Rh7 Bf4 52. Ke4 Bd2
53. Nd6 Rxe7+ 54. Rxe7 Kxe7 55. Nf5+ Kf6 56. c4 Bb4 57. Nxh6 Bf8 58. Nf5 Kg5
59. a4 Bc5 60. a5 Kf6 61. a6 Kg5 62. Kd5 Ba7 63. c5 Bb8 64. c6 Kf6 65. c7 Bxc7
66. a7 Kg5 67. a8=Q Kf4 68. Qa4+ Kg5 69. h4+ Kg6 70. Qc6+ Kf7 71. Qxc7+ Kg6 72.
Qg7# 1-0

[Event "ODEM U25B 2011"]
[Site "Oberhof GER"]
[Date "2011.06.15"]
[Round "6"]
[White "Eggert, André"]
[Black "ter Stal, Esther"]
[Result "1-0"]
[Termination "normal"]
[Board "14"]
[WhiteElo "1517"]
[BlackElo "847"]
[PlyCount "45"]
[WhiteFideId "1270464"]
[BlackFideId "12944467"]
[EventCountry "GER"]
[EventRounds "9"]
[EventType "swiss"]
[EventDate "2011.06.11"]

1. c4 e6 2. Nc3 d5 3. e3 Nf6 4. Nf3 c6 5. b3 Bd6 6. Bb2 Nbd7 7. Qc2 O-O 8. cxd5
exd5 9. Bd3 Nc5 10. Ne2 Nxd3+ 11. Qxd3 Bg4 12. Ng5 h6 13. Bxf6 Bf5 14. Qxf5 g6
15. Qf3 Be7 16. Bxe7 Qxe7 17. Nh3 Qe5 18. O-O h5 19. Qf4 Qb2 20. Qh6 Qxd2 21.
Ng5 Rfe8 22. Qh7+ Kf8 23. Qxf7# 1-0

[Event "ODEM U25B 2011"]
[Site "Oberhof GER"]
[Date "2011.06.15"]
[Round "6"]
[White "Denkert, Robert"]
[Black "Resch, Andreas"]
[Result "1-0"]
[Termination "normal"]
[Board "15"]
[WhiteElo "1220"]
[BlackElo "1351"]
[PlyCount "45"]
[WhiteFideId "12957216"]
[EventCountry "GER"]
[EventRounds "9"]
[EventType "swiss"]
[EventDate "2011.06.11"]

1. e4 d5 2. exd5 Qxd5 3. Nc3 Qa5 4. d4 c6 5. Bc4 Bf5 6. Bd2 e6 7. Qe2 Bb4 8. a3
Nf6 9. O-O-O Be7 10. Nd5 Qd8 11. Nxe7 Qxe7 12. Nf3 O-O 13. Bb4 Qc7 14. Bxf8
Kxf8 15. Bd3 Bxd3 16. Rxd3 Nbd7 17. Ne5 Nxe5 18. Qxe5 Qxe5 19. dxe5 Nd5 20.
Rhd1 Nf4 21. Rd8+ Rxd8 22. Rxd8+ Ke7 23. Rb8 1-0

[Event "ODEM U25B 2011"]
[Site "Oberhof GER"]
[Date "2011.06.15"]
[Round "6"]
[White "Stein, Daniel"]
[Black "Bauer, David"]
[Result "0-1"]
[Termination "normal"]
[Board "17"]
[WhiteElo "1252"]
[BlackElo "1531"]
[PlyCount "70"]
[WhiteFideId "12939307"]
[BlackFideId "12913197"]
[EventCountry "GER"]
[EventRounds "9"]
[EventType "swiss"]
[EventDate "2011.06.11"]

1. e4 e6 2. d3 d5 3. Nd2 c5 4. Ngf3 Nc6 5. g3 Bd6 6. Bg2 Nge7 7. O-O O-O 8. Re1
Qc7 9. Qe2 f6 10. c4 d4 11. h4 e5 12. Nf1 f5 13. Ng5 g6 14. Nh3 f4 15. g4 Bd7
16. Bd2 Qc8 17. f3 Kg7 18. Nh2 Nd8 19. Rab1 Nf7 20. Nf2 Qd8 21. b4 b6 22. bxc5
Bxc5 23. Bb4 Bxb4 24. Rxb4 Nc6 25. Rb3 Qxh4 26. Rc1 Na5 27. Rb2 Nb7 28. Nf1 Rh8
29. Nd1 h5 30. gxh5 Rxh5 31. Qf2 Qg5 32. Nd2 Rah8 33. Kf1 Bh3 34. Bxh3 Rxh3 35.
Ke1 Rh2 0-1

[Event "ODEM U25B 2011"]
[Site "Oberhof GER"]
[Date "2011.06.15"]
[Round "6"]
[White "Riedel, Erich"]
[Black "Grimm, Tobias"]
[Result "0-1"]
[Termination "normal"]
[Board "18"]
[WhiteElo "1137"]
[BlackElo "1439"]
[PlyCount "36"]
[WhiteFideId "12958646"]
[EventCountry "GER"]
[EventRounds "9"]
[EventType "swiss"]
[EventDate "2011.06.11"]

1. e4 c6 2. d4 d5 3. Nc3 Nf6 4. exd5 cxd5 5. Nf3 e6 6. Bd3 Bd6 7. O-O O-O 8.
Ne2 Nc6 9. c3 Qc7 10. Ng3 e5 11. dxe5 Nxe5 12. Nxe5 Bxe5 13. Bg5 h6 14. Bxf6
Bxf6 15. Nh5 Be5 16. f4 Qb6+ 17. Kh1 Bd6 18. Qg4 Bxg4 0-1

[Event "ODEM U25B 2011"]
[Site "Oberhof GER"]
[Date "2011.06.15"]
[Round "6"]
[White "Puffay, Jana"]
[Black "Nabinger, Annalena"]
[Result "1-0"]
[Termination "normal"]
[Board "19"]
[WhiteElo "1394"]
[BlackElo "1233"]
[PlyCount "79"]
[WhiteFideId "24692360"]
[BlackFideId "12902225"]
[EventCountry "GER"]
[EventRounds "9"]
[EventType "swiss"]
[EventDate "2011.06.11"]

1. e4 e5 2. Nf3 Nc6 3. Bc4 Nf6 4. d3 Bc5 5. c3 d6 6. Nbd2 Bb6 7. O-O a6 8. Bb3
O-O 9. h3 d5 10. Qe2 dxe4 11. Nxe4 Nh5 12. Nxe5 Nxe5 13. Qxh5 Ng6 14. Ng5 h6
15. Nxf7 Rxf7 16. Qxg6 Qf8 17. Bxf7+ Qxf7 18. Qxf7+ Kxf7 19. Be3 Bxe3 20. fxe3+
Kg8 21. Rf2 Be6 22. b3 b6 23. d4 Rd8 24. Rd1 b5 25. g4 Bd5 26. Kh2 Re8 27. Re1
Kh7 28. Kg3 Kg6 29. h4 Kh7 30. Rf4 Kg8 31. e4 Be6 32. d5 Bxd5 33. e5 Be6 34. g5
h5 35. g6 c5 36. Ref1 a5 37. R1f2 Bc8 38. Rf7 Be6 39. Rb7 b4 40. c4 1-0

[Event "ODEM U25B 2011"]
[Site "Oberhof GER"]
[Date "2011.06.15"]
[Round "6"]
[White "Hallbauer, Emil Karlsson"]
[Black "Fabiunke, Jakob"]
[Result "0-1"]
[Termination "normal"]
[Board "22"]
[WhiteElo "856"]
[BlackElo "1344"]
[PlyCount "35"]
[BlackFideId "24686085"]
[EventCountry "GER"]
[EventRounds "9"]
[EventType "swiss"]
[EventDate "2011.06.11"]

1. e4 e5 2. Nf3 Nc6 3. d4 exd4 4. Nxd4 Bc5 5. Be3 Qf6 6. Nxc6 Bxe3 7. fxe3 dxc6
8. Nc3 Be6 9. Qd2 Ne7 10. O-O-O O-O 11. h3 b5 12. b3 a5 13. g4 b4 14. Qd4 Qxd4
15. Rxd4 bxc3 16. Bg2 Rfd8 17. Rhd1 Rxd4 18. exd4 {Rest nicht nachvollziehbar}
0-1

[Event "ODEM U25B 2011"]
[Site "Oberhof GER"]
[Date "2011.06.15"]
[Round "6"]
[White "Maiwald, Lars"]
[Black "Reimann, Matthias"]
[Result "0-1"]
[Termination "normal"]
[Board "23"]
[WhiteElo "940"]
[BlackElo "1541"]
[PlyCount "122"]
[WhiteFideId "12958999"]
[BlackFideId "12928046"]
[EventCountry "GER"]
[EventRounds "9"]
[EventType "swiss"]
[EventDate "2011.06.11"]

1. d4 Nf6 2. Nf3 g6 3. c4 Bg7 4. Nc3 d6 5. Bf4 O-O 6. e3 Nh5 7. Be2 Nd7 8. O-O
Nxf4 9. exf4 Nf6 10. Rc1 Bf5 11. b4 Nh5 12. Qd2 Nf6 13. c5 Rc8 14. Rfe1 h6 15.
a3 Bg4 16. Nh4 Bd7 17. Bf3 Rb8 18. g3 Re8 19. Ng2 Bh3 20. Qd1 Bd7 21. Rb1 a6
22. Re2 Ng4 23. Re1 h5 24. h3 Nf6 25. Re2 Bxh3 26. Nh4 Bg4 27. Reb2 Bxf3 28.
Qxf3 Ng4 29. Qd3 dxc5 30. bxc5 Qxd4 31. Qxd4 Bxd4 32. Rc1 Bxc5 33. Nb1 Bd6 34.
Nf3 Nf6 35. Ng5 Nh7 36. Ne4 Nf6 37. Nxd6 cxd6 38. Rc7 b5 39. Ra7 Ra8 40. Rxa8
Rxa8 41. Nc3 Rc8 42. Ne2 Rc4 43. Kg2 Kg7 44. Kf3 Ng4 45. Kg2 Ra4 46. Ng1 Rxa3
47. Re2 e6 48. Rd2 d5 49. f3 Ne3+ 50. Kh3 Nc4 51. Rg2 b4 52. g4 hxg4+ 53. Rxg4
b3 54. Ne2 b2 55. Rg1 Ra1 56. Rxa1 bxa1=Q 57. Ng3 Qc3 58. Ne2 Qxf3+ 59. Kh4
Qh1+ 60. Kg4 Ne3+ 61. Kg5 f6# 0-1

[Event "ODEM U25B 2011"]
[Site "Oberhof GER"]
[Date "2011.06.15"]
[Round "6"]
[White "Weber, Yannik"]
[Black "Thumm, Niklas"]
[Result "1-0"]
[Termination "normal"]
[Board "24"]
[WhiteElo "1542"]
[BlackElo "1016"]
[PlyCount "120"]
[WhiteFideId "24692700"]
[BlackFideId "12918733"]
[EventCountry "GER"]
[EventRounds "9"]
[EventType "swiss"]
[EventDate "2011.06.11"]

1. d4 d5 2. c4 e6 3. Nc3 Nf6 4. e3 c5 5. Nf3 Be7 6. Be2 O-O 7. O-O Nc6 8. b3
Qb6 9. Na4 Qd8 10. dxc5 b6 11. cxb6 axb6 12. cxd5 exd5 13. Bb2 Bg4 14. Nd4 Bxe2
15. Qxe2 Rc8 16. Rac1 Qd6 17. Rxc6 Rxc6 18. Nxc6 Qxc6 19. Rc1 Qd6 20. Qf3 Qe6
21. Bxf6 Bxf6 22. g3 g6 23. Nc3 Rc8 24. Ne2 Rxc1+ 25. Nxc1 Bg5 26. Ne2 Qe4 27.
Qxe4 dxe4 28. Nc3 Be7 29. Nxe4 Kg7 30. Nc3 Kh6 31. Nd5 Bc5 32. b4 Bd6 33. Nxb6
Bxb4 34. a4 Kg7 35. Nc4 Kf8 36. Ne5 f6 37. Nc6 Bc5 38. Kf1 Ke8 39. Ke2 Kd7 40.
Nd4 Kc8 41. Kd3 Kb7 42. g4 Bd6 43. h3 Kb6 44. Kc4 h6 45. f3 Ka5 46. Kb3 Bg3 47.
e4 Bf2 48. Ne6 Bg3 49. Nf8 g5 50. Nd7 Be5 51. Nxe5 fxe5 52. Kc4 Kxa4 53. Kd5
Kb5 54. Kxe5 Kc6 55. Kf6 Kd6 56. e5+ Kd5 57. e6 Kd4 58. e7 Ke3 59. e8=Q+ Kxf3
60. Kf5 Kg3 1-0

[Event "ODEM U25B 2011"]
[Site "Oberhof GER"]
[Date "2011.06.15"]
[Round "6"]
[White "Rose, Luis Stratos"]
[Black "Bauch, Florian"]
[Result "1-0"]
[Termination "normal"]
[Board "25"]
[WhiteElo "1024"]
[BlackElo "1306"]
[PlyCount "51"]
[WhiteFideId "12976008"]
[EventCountry "GER"]
[EventRounds "9"]
[EventType "swiss"]
[EventDate "2011.06.11"]

1. d4 d5 2. Nf3 Nf6 3. c4 e6 4. Nc3 Be7 5. Bg5 O-O 6. e3 c5 7. Be2 dxc4 8. Bxc4
Nbd7 9. O-O b6 10. e4 cxd4 11. Nxd4 Bb7 12. f3 Bc5 13. Kh1 Qc8 14. Rc1 e5 15.
Nf5 g6 16. Nh6+ Kg7 17. Qb3 Qe8 18. Nb5 Qe7 19. Rfd1 a6 20. Nc7 Ra7 21. Bxf7
Rxf7 22. Ne6+ Kh8 23. Rxd7 Qxd7 24. Nf8 Rxf8 25. Bxf6+ Rxf6 26. Qg8# 1-0

[Event "ODEM U25B 2011"]
[Site "Oberhof GER"]
[Date "2011.06.15"]
[Round "6"]
[White "Eue, Vicky"]
[Black "Möller, Jared William"]
[Result "1-0"]
[Termination "normal"]
[Board "26"]
[WhiteElo "1296"]
[BlackElo "893"]
[PlyCount "95"]
[WhiteFideId "12945838"]
[EventCountry "GER"]
[EventRounds "9"]
[EventType "swiss"]
[EventDate "2011.06.11"]

1. e4 e5 2. Nf3 Nf6 3. d4 exd4 4. e5 Ne4 5. Qxd4 Nc5 6. Bg5 Nc6 7. Bxd8 Nxd4 8.
Nxd4 Kxd8 9. Bc4 Ne6 10. Nxe6+ dxe6 11. Nc3 Bb4 12. O-O-O+ Ke7 13. Ne4 Bd7 14.
a3 Ba5 15. Nc5 Bc6 16. Nb3 Bb6 17. f3 Rad8 18. Be2 Be3+ 19. Kb1 a6 20. Na5 Bd5
21. c4 Bc6 22. Nxc6+ bxc6 23. g3 f6 24. exf6+ gxf6 25. b4 e5 26. Kc2 Rd4 27.
Rxd4 exd4 28. f4 Kd6 29. c5+ Kd5 30. Kd3 Re8 31. Bf3+ Ke6 32. Bxc6 Rf8 33. Rb1
Kf5 34. Be4+ Kg4 35. h3+ Kxg3 36. f5 h5 37. b5 axb5 38. Rxb5 Kxh3 39. a4 Kg3
40. a5 Ra8 41. Bxa8 h4 42. Be4 h3 43. a6 h2 44. a7 c6 45. a8=Q cxb5 46. Qg8+
Kf2 47. Qg2+ Ke1 48. Qe2# 1-0

[Event "ODEM U25B 2011"]
[Site "Oberhof GER"]
[Date "2011.06.15"]
[Round "6"]
[White "Neumann, Tiemon"]
[Black "Granzin, David"]
[Result "1/2-1/2"]
[Termination "normal"]
[Board "27"]
[WhiteElo "1163"]
[BlackElo "975"]
[PlyCount "45"]
[WhiteFideId "12925462"]
[BlackFideId "12922145"]
[EventCountry "GER"]
[EventRounds "9"]
[EventType "swiss"]
[EventDate "2011.06.11"]

1. e4 d5 2. exd5 Nf6 3. c4 c6 4. dxc6 Nxc6 5. Nc3 e5 6. Nf3 Bf5 7. Qe2 Bd6 8.
d4 Qe7 9. dxe5 Bxe5 10. Nxe5 Qxe5 11. Qxe5+ Nxe5 12. Nb5 O-O 13. Be2 Nd3+ 14.
Bxd3 Bxd3 15. b3 Rad8 16. Be3 a6 17. Nd4 Rfe8 18. O-O-O Be4 19. Bg5 Rd6 20. Nc2
Rc6 21. Rhe1 Kf8 22. f3 Bg6 23. Rxe8+ 1/2-1/2

[Event "ODEM U25B 2011"]
[Site "Oberhof GER"]
[Date "2011.06.15"]
[Round "6"]
[White "Polert, Jesper"]
[Black "Klinge, Sabina"]
[Result "1-0"]
[Termination "normal"]
[Board "28"]
[WhiteElo "809"]
[BlackElo "1101"]
[PlyCount "65"]
[BlackFideId "12949590"]
[EventCountry "GER"]
[EventRounds "9"]
[EventType "swiss"]
[EventDate "2011.06.11"]

1. e4 e5 2. Nf3 Nc6 3. Bb5 a6 4. Ba4 d6 5. O-O Bd7 6. c3 Be7 7. d4 exd4 8. cxd4
Bf6 9. Re1 Nge7 10. e5 dxe5 11. dxe5 Nxe5 12. Nxe5 Bxa4 13. Qxa4+ b5 14. Qb3
O-O 15. Nc3 c5 16. Bf4 c4 17. Qc2 Re8 18. Ng4 Qd4 19. Nxf6+ Qxf6 20. Bg3 Nf5
21. Rxe8+ Rxe8 22. Nd5 Qe6 23. Qd2 Rd8 24. Rd1 Kf8 25. Qb4+ Ne7 26. Re1 Rxd5
27. Rxe6 fxe6 28. h3 Kf7 29. Qc3 Rd3 30. Qe5 b4 31. Qe4 Rd1+ 32. Kh2 c3 33.
Qf3+ 1-0